|
|
|
|
| LEADER |
00000nab a2200000 a 4500 |
| 001 |
vtls000785973 |
| 003 |
SK-MaSNL |
| 005 |
20260305032350.0 |
| 008 |
250429c2001 xo 0 slo |
| 015 |
|
|
|a SNBRB2002/03-08394
|
| 035 |
|
|
|a CLN000137631
|
| 035 |
|
|
|a urn:nbn:sk:snk-ab23o8
|
| 035 |
|
|
|a (urnnbn)urn:nbn:sk:snk:ar-a01ico
|
| 035 |
|
|
|a (uuid)ec79ddfe-a4b3-45c5-a4fe-7e451354bb09
|
| 040 |
|
|
|a SNKBUCL
|b slo
|c SNKBUCL
|e AACR2
|
| 041 |
0 |
|
|a slo
|
| 044 |
|
|
|a xo
|c SK
|
| 080 |
|
|
|a 574(437.6):627.81
|2 1997
|
| 080 |
|
|
|a 627.81(437.6)
|2 1997
|
| 080 |
|
|
|a 911.2(437.6):574
|2 1997
|
| 100 |
1 |
|
|a Kopecká, Monika
|4 trl
|9 15045
|
| 245 |
1 |
0 |
|a Biogeografická charakteristika vodnej nádrže Ronava
|c Monika Kopecká, Ivan Ružek
|
| 300 |
|
|
|b Obr., sch., tab.
|
| 500 |
|
|
|a Res. prel. autori
|
| 504 |
|
|
|a Res. angl.
|
| 504 |
|
|
|a Bibliogr. odkazy
|
| 650 |
0 |
7 |
|a biocenózy
|2 SNKPH
|9 69659
|
| 650 |
0 |
7 |
|a biogeografia
|2 snkbucl
|9 745
|
| 651 |
|
7 |
|a Trnava (Slovensko : okres)
|2 SNKPHgeo
|9 51837
|
| 651 |
|
7 |
|a Ronava (Slovensko : vodná nádrž)
|2 SNKPHgeo
|9 1611604
|
| 655 |
|
7 |
|a články z novín a časopisov
|2 snkbucl
|9 267496
|
| 700 |
1 |
|
|a Ružek, Ivan,
|d 1973-
|4 aut
|9 218743
|
| 773 |
0 |
|
|t Geografický časopis
|g Roč. 53, č. 4 (2001), s. 331-342
|x 0016-7193
|
| 850 |
|
|
|a Slovenská národná knižnica
|
| 852 |
|
|
|a Slovenská národná knižnica
|
| 954 |
|
|
|a odborná, vedecká literatúra pôvodná (slovenská)
|2 lita
|
| 958 |
|
|
|a article27
|
| 958 |
|
|
|a NB
|
| 958 |
|
|
|a SK
|
| 958 |
|
|
|a OND
|
| 958 |
|
|
|a EUIPO
|
| 992 |
|
|
|a RBX
|
| 999 |
|
|
|c 3319783
|d 3321713
|